000
002700000a22000970004500
100
1
_a
Eshel, Hanan
245
1
0
_a
Isaiah 8:23 : An historical -- geographical analogy
300
_a
Vol. 40, Num. 1 (Enero, 1990), Páginas 104-109
773
0
_t
Vetus Testamentum
942
_c
ANA
999
_c
57611
_d
57611